Zvyšovanie konkurencieschopnosti prostredníctvom inovácií vo firme Eset bakalárska práca

Guardado en:
Detalles Bibliográficos
Autor principal: Borovičková, Lucia
Autor Corporativo: Obchodná fakulta EU. Katedra tovaroznalectva a kvality tovaru
Otros Autores: Knošková, Ľubica, 1965-
Formato: Libro
Lenguaje:eslovaco
Publicado: Bratislava 2012
Etiquetas: Agregar Etiqueta
Sin Etiquetas, Sea el primero en etiquetar este registro!

MARC

LEADER 00000nbm a2200000 4500
001 0154354
005 20161109111837.7
041 0 |a slo 
044 |a SK 
245 1 0 |a Zvyšovanie konkurencieschopnosti prostredníctvom inovácií vo firme Eset  |b bakalárska práca  |c Lucia Borovičková ; školiteľ: Ľubica Knošková 
264 1 |a Bratislava  |c 2012 
300 |a 56 s. 
100 1 |a Borovičková, Lucia 
700 1 |a Knošková, Ľubica, 1965- 
710 2 |a Obchodná fakulta EU. Katedra tovaroznalectva a kvality tovaru